000
00404nam a22001697a 4500
003
MPLRDC
005
20220104123730.0
008
210129b ||||| |||| 00| 0 eng d
082
_a
192.3 SSH
100
_a
宋书慧 编译
245
_a
少女修养
_c
250
_a
初版
260
_a
台湾
_b
满庭芳书局
_c
1987
300
_b
350
650
_a
修养; 社交礼仪
942
_c
BK
_o
192.3 SSH
999
_c
13759
_d
13749